Gesamtwirtschaftliche und unternehmerische Anpassungsprozesse in Ostdeutschland Achter Bericht
Saved in:
| Format: | Book |
|---|---|
| Language: | German |
| Published: |
Kiel
Institut für Weltwirtschaft
1993
|
| Edition: | 1. Aufl. |
| Series: | Kieler Diskussionsbeiträge
205/206 |
| Subjects: | |
| Tags: |
No Tags, Be the first to tag this record!
|
MARC
| LEADER | 00000nam a2200000 4500 | ||
|---|---|---|---|
| 001 | c005313 | ||
| 005 | 20221214082139.0 | ||
| 020 | |a 3-89456-047-9 | ||
| 041 | 0 | |a ger | |
| 044 | |a DE | ||
| 245 | 1 | 0 | |a Gesamtwirtschaftliche und unternehmerische Anpassungsprozesse in Ostdeutschland |b Achter Bericht |
| 250 | |a 1. Aufl. | ||
| 264 | 1 | |a Kiel |b Institut für Weltwirtschaft |c 1993 | |
| 300 | |a 70 s. | ||
| 490 | 1 | |a Kieler Diskussionsbeiträge |v 205/206 | |
| 830 | 0 | |a Kieler Diskussionsbeiträge |v 205/206 | |
| 610 | 2 | 0 | |a východné Nemecko |
| 610 | 2 | 0 | |a situácia hospodárska |
| 610 | 2 | 0 | |a priemysel |
| 610 | 2 | 0 | |a privatizácia |
| 610 | 2 | 0 | |a podnikatelia |
| 610 | 2 | 0 | |a stavebníctvo |
| 610 | 2 | 0 | |a služby |
| 610 | 2 | 0 | |a maloobchod |
| 610 | 2 | 0 | |a živnosti |
| 610 | 2 | 0 | |a hospodárstvo bytové |
| 610 | 2 | 0 | |a hospodárstvo trhové |
| 610 | 2 | 0 | |a vlastníctvo |